Statystyki dla Najdroższe transfery w historii piłki nożnej

Kliknij tutaj aby rozwiązać quiz!

Ogólne statystyki

  • Ten quiz został rozwiązany 10 197 razy
    (2 480 od ostatniego zresetowania)
  • Średni wynik to 28 z 50

Statystyki odpowiedzi

#SezonCenaKierunekOdpowiedź% Poprawnych
1.2017/18222 mln €FC Barcelona > PSGNeymar Jr
98%
33.2023/2480 mln €PSG > Al-HilalNeymar Jr
98%
22.2013/1488 mln €Santos FC > FC BarcelonaNeymar Jr
98%
2.2018/19180 mln €AS Monaco > PSGKylian Mbappé
96%
19.2009/1094 mln €Manchester United FC > Real MadrytCristiano Ronaldo
93%
9.2018/19117 mln €Real Madryt > Juventus FCCristiano Ronaldo
93%
3.2017/18135 mln €Borussia Dortmund > FC BarcelonaOusmane Dembélé
74%
17.2023/24100 mln €Tottenham Hotspur FC > Bayern MonachiumHarry Kane
72%
3.2017/18135 mln €Liverpool FC > FC BarcelonaPhilippe Coutinho
72%
7.2019/20120 mln €Atlético Madryt > FC BarcelonaAntoine Griezmann
71%
5.2019/20126 mln €SL Benfica > Atlético MadrytJoão Félix
69%
12.2019/20115 mln €Chelsea FC > Real MadrytEden Hazard
68%
15.2023/24103 mln €Borussia Dortmund > Real MadrytJude Bellingham
67%
47.2019/2074 mln €Manchester United FC > Inter MediolanRomelu Lukaku
67%
27.2017/1884,7 mln €Everton FC > Manchester United FCRomelu Lukaku
67%
13.2021/22113 mln €Inter Mediolan > Chelsea FCRomelu Lukaku
67%
10.2023/24116,6 mln €West Ham United FC > Arsenal FCDeclan Rice
64%
8.2021/22117,5 mln €Aston Villa FC > Manchester City FCJack Grealish
64%
16.2013/14101 mln €Tottenham Hotspur FC > Real MadrytGareth Bale
63%
24.2019/2086 mln €AFC Ajax > FC BarcelonaFrenkie de Jong
61%
14.2016/17105 mln €Juventus FC > Manchester United FCPaul Pogba
61%
6.2022/23121 mln €SL Benfica > Chelsea FCEnzo Fernández
58%
26.2021/2285 mln €Borussia Dortmund > Manchester United FCJadon Sancho
57%
18.2022/2395 mln €AFC Ajax > Manchester United FCAntony
55%
20.2023/2490 mln €RB Lipsk > Manchester City FCJoško Gvardiol
55%
28.2017/1884,65 mln €Southampton FC > Liverpool FCVirgil van Dijk
54%
29.2014/1581,72 mln €Liverpool FC > FC BarcelonaLuis Suárez
52%
11.2023/24116 mln €Brighton & Hove Albion > Chelsea FCMoisés Caicedo
51%
23.2019/2087 mln €Leicester City FC > Manchester United FCHarry Maguire
49%
41.2015/1676 mln €VFL Wolfsburg > Manchester City FCKevin De Bruyne
49%
50.2022/2370,65 mln €Real Madryt > Manchester United FCCasemiro
48%
25.2019/2085,5 mln €AFC Ajax > Juventus FCMatthijs de Ligt
48%
33.2022/2380 mln €SL Benfica > Liverpool FCDarwin Núñez
47%
33.2020/2180 mln €Bayer 04 Leverkusen > Chelsea FCKai Havertz
46%
42.2023/2475 mln €Chelsea FC > Arsenal FCKai Havertz
46%
40.2001/0277,5 mln €Juventus FC > Real MadrytZinédine Zidane
44%
20.2016/1790 mln €SSC Napoli > Juventus FCGonzalo Higuain
40%
33.2022/2380 mln €AS Monaco > Real MadrytAurélien Tchouaméni
38%
30.2021/2281,6 mln €ACF Fiorentina > Juventus FCDušan Vlahović
38%
49.2020/2171,6 mln €SL Benfica > Manchester City FCRúben Dias
38%
42.2023/2475 mln €Atalanta BC > Manchester United FCRasmus Højlund
37%
33.2018/1980 mln €Athletic Bilbao > Chelsea FCKepa Arrizabalaga
36%
31.2020/2180,6 mln €FC Barcelona > Juventus FCArthur Melo
34%
42.2014/1575 mln €Real Madryt > Manchester United FCÁngel Di María
33%
33.2019/2080 mln €LOSC Lille > Arsenal FCNicolas Pépé
32%
42.2020/2175 mln €LOSC Lille > SSC NapoliVictor Osimhen
29%
33.2019/2080 mln €Atlético Madryt > Bayern MonachiumLucas Hernández
26%
42.2014/1575 mln €AS Monaco > Real MadrytJames Rodríguez
24%
48.2018/1972 mln €AS Monaco > Atlético MadrytThomas Lemar
24%
32.2022/2380,4 mln €Leicester City FC > Chelsea FCWesley Fofana
22%

Rozkład punktacji

Percentyl według liczby udzielonych odpowiedzi

Procent ludzi z każdym wynikiem

Twoja historia wyników

Nie rozwiązałeś tego quizu od ostatniego zresetowania